Programovanie v jazyku Turbo Pascal Diel - Verzia 5.0

Salvato in:
Dettagli Bibliografici
Natura: Libro
Lingua:slovacco
Pubblicazione: Bratislava SÚZ SÚV SZM 1989
Edizione:1. vyd.
Tags: Aggiungi Tag
Nessun Tag, puoi essere il primo ad aggiungerne!!

MARC

LEADER 00000nam a2200000 4500
001 c033573
005 20221215071315.2
041 0 |a slo 
044 |a SK 
245 1 0 |a Programovanie v jazyku Turbo Pascal  |b Diel - Verzia 5.0 
250 |a 1. vyd. 
264 1 |a Bratislava  |b SÚZ SÚV SZM  |c 1989 
300 |a 152 s.